Quelle année du XXe siècle ? - Statistiques

Statistiques générales
  • Ce quiz a été pris 31 fois
  • Le résultat moyen est 49 sur 100
Statistiques - réponses
Évènement Année % Correct
Bataille de Stalingrad 1942
79%
Victoire de la France à la Coupe du Monde de Football 1998
71%
Début de la Seconde Guerre Mondiale 1939
68%
Manifestations étudiantes en France puis en Europe 1968
68%
Naufrage du Titanic 1912
64%
Hitler devient chandelier de l'Allemagne 1933
64%
Attaque surprise de Pearl Harbor dans le Pacifique 1941
64%
Débarquement allié en Normandie 1944
64%
Création de l'ONU 1945
64%
Assassinat à Dallas de John F. Kennedy 1963
64%
Grand choc pétrolier 1973
64%
Mort de la Reine Victoria 1901
61%
Premier vol des Frères Wright 1903
61%
Début de la Première Guerre Mondiale, après l'attentat de Sarajevo 1914
61%
Appel du 18 juin, prononcé par le Général de Gaulle 1940
61%
Chute du Mur de Berlin 1989
61%
Réunification allemande 1990
61%
Krash boursier de Wall Street 1929
57%
Sortie de Blanche-Neige (Disney) 1937
57%
Youri Gagarine est envoyé dans l'espace 1961
57%
Scandale du Watergate 1972
57%
Fin de la Guerre du Viêt Nam 1975
57%
Abolition de la peine de mort en France 1981
57%
Catastrophe nucléaire de Tchernobyl 1986
57%
Mort de la Princesse Diana 1997
57%
Albert Einstein publie la Théorie de la Relativité 1905
54%
Signature du Traité de Versailles 1919
54%
Premiers Jeux Olympiques d'Hiver à Chamonix, en France 1924
54%
Le livre d'Hitler «Mein Kampf» est publié 1925
54%
Invasion japonaise de la Mandchourie 1931
54%
Création de l'État d'Israël 1948
54%
Début d'une grande vague d'indépendances en Afrique 1960
54%
Premier pas humain sur la Lune 1969
54%
Titre d'un célèbre roman de George Orwell 1984
54%
Début de la Marche du Sel, guidée par Gandhi 1930
50%
Début de la Guerre de Corée 1950
50%
Premier journal télévisé en France 1952
50%
Signature du Traité de Rome 1957
50%
Premier vol commercial du Concorde 1976
50%
Le premier «bébé éprouvette» naît au Royaume-Uni 1978
50%
Révolution Iranienne 1979
50%
Guerre des Malouines 1982
50%
Signature du Traité de Maastricht, première pierre de l'Union Européenne 1992
50%
Ouverture du Tunnel sous la Manche 1994
50%
Premier clonage génétique sur un mouton, Dolly 1996
50%
Première projection du film «Le Voyage dans la Lune» 1902
46%
Fondation de la marque Rolls-Royce 1906
46%
Les taxis parisiens motorisés sont mis en service 1907
46%
Traversée de la Manche par Louis Blériot 1909
46%
Création de l'URSS 1922
46%
«Naissance» de Donald Duck 1934
46%
Signature des Accords de Munich 1938
46%
Création du Stylo Bic 1943
46%
Création de l'OTAN 1949
46%
La première greffe de cœur est réalisée 1967
46%
Sortie de «Star Wars 1» 1977
46%
Gorbatchev prend le pouvoir en URSS 1985
46%
Création de l'OMC 1995
46%
Guerre du Kosovo 1999
46%
Le métro de New York est mis en service 1904
43%
Le modèle Ford T est commercialisé 1908
43%
Début de la Révolution Mexicaine 1910
43%
Hyperinflation allemande 1923
43%
Le premier film parlant sort (The Jazz Singer) 1927
43%
Élection de Roosevelt aux États-Unis 1932
43%
Premier jeu «Monopoly» commercialisé 1935
43%
Lancement du premier programme de télévision régulier par la BBC 1936
43%
Premier Festival de Cannes 1946
43%
«Miracle de Berne» durant un match de la Coupe du Monde de Football 1954
43%
L'Eurovision est crée 1956
43%
Création de la NASA 1958
43%
Création de la poupée Barbie 1959
43%
Premier satellite de communication actif (TelStar) 1962
43%
Première tournée des Beatles aux États-Unis 1964
43%
Naissance d'Internet (adoption du protocole TCP/IP) 1983
43%
Bug informatique en France causé par une erreur de calcul 2000
43%
Le premier soutien-gorge est breveté 1913
39%
Ouverture du Canal de Panama 1915
39%
Fondation de la marque Citroën 1918
39%
Premier vaccin contre la tuberculose 1921
39%
Inventeur de la télévision 1926
39%
Première édition du concours «Miss Monde» à Londres 1951
39%
Découverte de l'ADN 1953
39%
Signature du Pacte de Varsovie 1955
39%
L'Angleterre remporte la Coupe du Monde de Football 1966
39%
Premier «Jour de la Terre» 1970
39%
Invention du code-barre 1974
39%
Première page Web mise en ligne 1991
39%
Lancement du navigateur Web «Mosaic» 1993
39%
Révolution Chinoise 1911
36%
Fondation de BMW 1916
36%
Les femmes obtiennent le droit de vote aux États-Unis 1920
36%
Découverte de la Pénicilline 1928
36%
Invention du Transistor 1947
36%
Premier e-mail envoyé 1971
36%
Création du jeu vidéo Pac-Man 1980
36%
Le programme ERASMUS est lancé en Europe 1987
36%
Lancement commercial du GPS moderne 1988
36%
Premier disque de Jazz enregistré 1917
32%
Déclaration des Droits Civiques aux États-Unis 1965
32%
Aucun quiz correspondant
Distribution des résultats
% des personnes avec chaque résultat
Percentile par nombre de réponses
Votre historique - résultats
Vous n’avez pas pris ce quiz